000 00598nam a22001937a 4500
005 20251108175742.0
008 250721s2019 xx 000 0 ara d
082 1 4 _aط/ق/مكت
100 1 _aمطلق، ألبير
_eمشرف
245 1 0 _aالكابوس المرعب /
264 1 _aبيروت - لبنان :
_bمكتبة لبنان ناشرون،
_c2019.
300 _a31ص.
650 1 7 _aادب الاطفال
650 1 7 _aالقصص القصيرة
653 _aناشئون صغار (16ـ14)سنة
700 1 _aشربل، ميرنا
_eمعد
942 _2ddc
_cBK
999 _c141568
_d141568